Gene biotechnology = Methods in gene biotechnology

Gespeichert in:
Bibliographische Detailangaben
Format: Buch
Sprache:Undetermined
Veröffentlicht: Boca Raton, FL CRC Press 2003
Schlagworte:
Tags: Tag hinzufügen
Keine Tags, Fügen Sie den ersten Tag hinzu!
Thư viện lưu trữ: Trung tâm Học liệu Trường Đại học Cần Thơ
LEADER 00580nam a2200205Ia 4500
001 CTU_67850
008 210402s9999 xx 000 0 und d
020 |b 81 
082 |a 572.86072 
082 |b G326 
245 0 |a Gene biotechnology = 
245 0 |b Methods in gene biotechnology 
245 0 |c William Wu ... [et al.] 
260 |a Boca Raton, FL 
260 |b CRC Press 
260 |c 2003 
650 |a Genetic engineering,Molecular biology 
650 |x Laboratory manuals,Laboratory manuals 
904 |i Minh 
980 |a Trung tâm Học liệu Trường Đại học Cần Thơ